Bài tập vật lý đại cương. T.1, Cơ - nhiệt T.1
Đã lưu trong:
| Tác giả chính: | |
|---|---|
| Định dạng: | Sách |
| Được phát hành: |
Giáo dục
2005
|
| Các nhãn: |
Thêm thẻ
Không có thẻ, Là người đầu tiên thẻ bản ghi này!
|
| Thư viện lưu trữ: | Mạng thư viện Đại học Đà Nẵng |
|---|
| LEADER | 00652nam a2200229 a 4500 | ||
|---|---|---|---|
| 001 | 000030211 | ||
| 003 | 2911 | ||
| 005 | 20171030145630.0 | ||
| 008 | 171030s2005 | ||
| 020 | |c 10400 | ||
| 040 | |a LTT | ||
| 082 | 0 | |a 530.08 |b LƯ-B | |
| 100 | 1 | |a Lương Duyên Bình | |
| 245 | 0 | 0 | |a Bài tập vật lý đại cương. T.1, Cơ - nhiệt |c Lương Duyên Bình (chủ biên), Nguyễn Hữu Hồ, Lê Văn Nghĩa, Nguyễn Tụng. |n T.1 |
| 260 | |b Giáo dục |c 2005 | ||
| OWN | |a LTT | ||
| 999 | |a From the UDN01 | ||
| TYP | |a Monograph | ||
| TYP | |a Printed language | ||
| 980 | |a Mạng thư viện Đại học Đà Nẵng | ||